| 000 | 00390nam a2200169Ia 4500 | ||
|---|---|---|---|
| 008 | 230524s9999 xx 000 0 und d | ||
| 082 |
_a539 _bMAN |
||
| 100 | _aH.S.Mani | ||
| 245 | 0 | _aIntroduction to Modern Physics | |
| 250 | _a1ST | ||
| 260 |
_aNEW DELHI _bAEW P _c2003 |
||
| 300 | _a443 | ||
| 500 | _aQuantity Number: 3 | ||
| 650 | _aPhysics | ||
| 700 | _a G.K.Mehta | ||
| 942 | _cBK | ||
| 999 |
_c14769 _d14769 |
||